000 00367nam a2200121Ia 4500
008 190722s9999 xx 000 0 und d
020 _a978-969-407-387-3
100 _aS K Hasnain / Lubna Farhi / Sisha Tahir
245 0 _aDigital Signal Processing (Computer Laboratory Practical Work Book)
260 _aKarachi
_bRoyal Book Company
_c2011
300 _a129
942 _cBK
999 _c122
_d122